Pokročilé metódy zobrazovania bezpečnostných udalostí

Uložené v:
Podrobná bibliografia
Hlavný autor: Pavlák, Miroslav (Autor)
Ďalší autori: Laštinec, Ján (Vedúci práce)
Médium: Rukopis Kniha
Jazyk:Slovak
Vydavateľské údaje: 2023
Predmet:
On-line prístup:http://is.stuba.sk/zp/portal_zp.pl?podrobnosti=169846
Tagy: Pridať tag
Žiadne tagy, Buďte prvý, kto otaguje tento záznam!

MARC

LEADER 00000ntm a22000003a 4500
001 stuzp94861
003 SK-STU
005 20230909223344.9
007 ta
008 150427s2015----xo-----f-mn---000-0-slo-d
040 |a STU  |b slo 
041 0 |a slo 
100 1 |a Pavlák, Miroslav  |u 070400  |4 aut  |U FIIT Fakulta informatiky a informačných technológií  |T FIIT Ústav počítačového inžinierstva a aplikovanej informatiky  |X 92119  |U I400  |Y 672  |7 92119 
242 0 1 |a Advanced Methods for Security Logs Visualization  |y eng 
245 1 0 |a Pokročilé metódy zobrazovania bezpečnostných udalostí 
260 |c 2023 
650 4 |a APT  |2 slo 
650 4 |a SecMon  |2 slo 
650 4 |a SEC  |2 slo 
650 4 |a Informačná bezpečnosť  |2 slo 
650 4 |a SIEM  |2 slo 
650 4 |a Docker  |2 slo 
650 4 |a APT  |2 eng 
650 4 |a SIEM  |2 eng 
650 4 |a Information Security  |2 eng 
650 4 |a Docker  |2 eng 
650 4 |a SEC  |2 eng 
650 4 |a SecMon  |2 eng 
700 1 |a Laštinec, Ján  |u 070300  |k Z3  |4 ths  |U FIIT Fakulta informatiky a informačných technológií  |T FIIT Ústav aplikovanej informatiky  |X 56214  |U I300  |Y 180  |7 A000056214 
856 4 |u http://is.stuba.sk/zp/portal_zp.pl?podrobnosti=169846